Discurso sobre la dignidad del hombre
Wedi'i Gadw mewn:
| Prif Awdur: | |
|---|---|
| Fformat: | Llyfr |
| Iaith: | Sbaeneg |
| Cyhoeddwyd: |
Mendoza
Universidad Nacional de Cuyo. Facultad de Filosofía y Letras
1972
|
| Cyfres: | Revista de Literaturas Modernas. Anejo, 2
|
| Pynciau: | |
| Tagiau: |
Ychwanegu Tag
Dim Tagiau, Byddwch y cyntaf i dagio'r cofnod hwn!
|
MARC
| LEADER | 00000nam a2200000 a 4500 | ||
|---|---|---|---|
| 001 | UCZ4248 | ||
| 003 | CL-VaPUC | ||
| 008 | 951106e19720000AG |||||||||||||||||spa|d | ||
| 082 | 0 | 4 | |a 241 |b PIC |2 21 |
| 100 | 0 | |a Pico della Mirándola, Juan |e author |9 334870 | |
| 245 | 1 | 0 | |a Discurso sobre la dignidad del hombre |
| 300 | |a 93 p | ||
| 942 | |c BK | ||
| 945 | |d 19951106 00:00:00 |a cmena | ||
| 260 | |a Mendoza |b Universidad Nacional de Cuyo. Facultad de Filosofía y Letras |c 1972 | ||
| 650 | 0 | |a Teología |9 258766 | |
| 650 | 0 | |a Ética |9 255099 | |
| 650 | 0 | |a Conceptos morales |9 310606 | |
| 650 | 7 | |a HOMBRE |2 CL-VaPUC |9 262149 | |
| 650 | 0 | |a Filosofía italiana |9 265241 | |
| 650 | 0 | |a Comportamiento moral |9 334569 | |
| 583 | |a last modification |c 19951106 00:00:00 |k Rodrigo Vera | ||
| 490 | 0 | |a Revista de Literaturas Modernas. Anejo, 2 | |
| 999 | |c 240663 |d 240661 | ||
| 952 | |0 0 |1 0 |4 0 |6 241_000000000000000_PIC_1972 |7 0 |8 P |9 252647 |a BIBEDU |b BIBEDU |c BIBEDU_PB |d 2019-11-18 |i 1594443 |o 241 PIC 1972 |p 1594443 |r 2024-01-25 |w 2019-11-18 |y BK |k FIL | ||